[Event "49th Capablanca Mem Open I 2014"]
[Site "Havana CUB"]
[Date "2014.05.08"]
[Round "1.1"]
[White "Obregon Rivero, Juan Carlos"]
[Black "Fernandez De La Vara, Arnaldo"]
[Result "1-0"]
[WhiteTitle "IM"]
[BlackTitle "FM"]
[WhiteElo "2509"]
[BlackElo "2312"]
[WhiteFideId "3507815"]
[BlackFideId "3518388"]
[EventDate "2014.04.08"]

1. d4 Nf6 2. Nf3 e6 3. c4 b6 4. a3 Bb7 5. Nc3 d5 6. Bg5 Be7 7. e3 O-O 8. Be2
Nbd7 9. O-O c5 10. dxc5 Nxc5 11. Qc2 Nfe4 12. Bxe7 Qxe7 13. Nxe4 Nxe4 14. Bd3
Rfc8 15. Bxe4 dxe4 16. Nd2 b5 17. Rfc1 bxc4 18. Qa4 Bd5 19. Nxc4 Qc5 20. Rc3
Bxc4 21. Rac1 Qd5 22. Rxc4 Rxc4 23. Rxc4 Qd2 24. g3 g6 25. Rc7 Qxb2 26. Qxe4 Qb8
27. Rb7 Qd6 28. Qf3 Rf8 29. Rxa7 Qb6 30. Ra8 Rxa8 31. Qxa8+ Kg7 32. a4 h5 33. h4
g5 34. hxg5 h4 35. Qe4 Qa5 36. gxh4 Kf8 37. Kg2 Kg7 38. Qc4 Kg8 39. Qf4 Kg7 40.
Kh2 Qd5 41. h5 e5 42. Qf6+ 1-0

[Event "49th Capablanca Mem Open I 2014"]
[Site "Havana CUB"]
[Date "2014.05.08"]
[Round "1.2"]
[White "Linares Napoles, Oleiny"]
[Black "Gomez Garrido, Camilo Ernesto"]
[Result "0-1"]
[WhiteTitle "WGM"]
[BlackTitle "IM"]
[WhiteElo "2310"]
[BlackElo "2499"]
[WhiteFideId "3504794"]
[BlackFideId "3507904"]
[EventDate "2014.04.08"]

1. c4 c5 2. Nf3 Nc6 3. Nc3 g6 4. a3 Bg7 5. g3 d6 6. Rb1 e6 7. b4 Nge7 8. Bg2 b6
9. Bb2 O-O 10. Ba1 Bb7 11. bxc5 dxc5 12. Ne4 Bxa1 13. Rxa1 f5 14. Nc3 Qd7 15.
O-O Rad8 16. Ra2 h6 17. h4 Nd4 18. Ne5 Qc7 19. f4 Bxg2 20. Kxg2 Ndc6 21. Nf3 e5
22. fxe5 Nxe5 23. Nxe5 Qxe5 24. e3 Rd3 25. Qf3 Rfd8 26. Rf2 Kg7 27. a4 R8d7 28.
Kf1 Qe6 29. Qf4 Nc6 30. g4 Ne5 31. gxf5 Qxf5 0-1

[Event "49th Capablanca Mem Open I 2014"]
[Site "Havana CUB"]
[Date "2014.05.08"]
[Round "1.3"]
[White "Obregon, Andres Carlos"]
[Black "Calvo Quinteiro, Jose Manuel"]
[Result "1/2-1/2"]
[WhiteTitle "IM"]
[BlackTitle "FM"]
[WhiteElo "2498"]
[BlackElo "2308"]
[WhiteFideId "111724"]
[BlackFideId "3505154"]
[EventDate "2014.04.08"]

1. e4 e6 2. d4 d5 3. Nd2 c5 4. exd5 Qxd5 5. Ngf3 cxd4 6. Bc4 Qd6 7. O-O Nf6 8.
Nb3 Nc6 9. Nbxd4 Nxd4 10. Nxd4 a6 11. b3 Qc7 12. Bb2 Bd6 13. Nf3 b5 14. Bd3 Bb7
15. c4 b4 16. Qe2 Rd8 17. Kh1 Bxf3 18. Qxf3 Be5 19. Bxe5 Qxe5 20. Rae1 Qc7 21.
Re3 1/2-1/2

[Event "49th Capablanca Mem Open I 2014"]
[Site "Havana CUB"]
[Date "2014.05.08"]
[Round "1.4"]
[White "Gutierrez Delgado, Yusuan A."]
[Black "Nogueiras Santiago, Jesus"]
[Result "1/2-1/2"]
[WhiteTitle "FM"]
[BlackTitle "GM"]
[WhiteElo "2307"]
[BlackElo "2497"]
[WhiteFideId "3508005"]
[BlackFideId "3500020"]
[EventDate "2014.04.08"]

1. d4 e6 2. c4 d5 3. Nf3 Nf6 4. Nc3 c5 5. cxd5 Nxd5 6. e3 Nc6 7. Bd3 cxd4 8.
exd4 Be7 9. O-O O-O 10. a3 Bf6 11. Be4 Qd6 12. Nb5 Qd8 13. Nc3 Nce7 14. Qd3 h6
15. Ne5 Nxc3 16. Qxc3 Nf5 17. Be3 a5 1/2-1/2

[Event "49th Capablanca Mem Open I 2014"]
[Site "Havana CUB"]
[Date "2014.05.08"]
[Round "1.6"]
[White "Batista Suarez, Jeorling Yahytin"]
[Black "Alvarez Pedraza, Aramis"]
[Result "1/2-1/2"]
[WhiteTitle "FM"]
[BlackTitle "GM"]
[WhiteElo "2305"]
[BlackElo "2486"]
[WhiteFideId "3504697"]
[BlackFideId "3507408"]
[EventDate "2014.04.08"]

1. e4 c5 2. Nf3 e6 3. d4 cxd4 4. Nxd4 a6 5. c4 Nf6 6. Nc3 Qc7 7. a3 b6 8. Be3
Bb7 9. f3 d6 10. Rc1 Nbd7 11. Be2 Rc8 12. b4 Qb8 13. O-O Be7 14. Rf2 O-O 15. g4
Ne5 16. g5 Nfd7 17. Qf1 Qc7 18. Qh3 Nxc4 19. Bxc4 Qxc4 20. Nd5 Qxc1+ 21. Bxc1
Rxc1+ 22. Kg2 Bxg5 23. Rc2 Rxc2+ 24. Nxc2 f5 25. Qg3 fxe4 26. fxe4 exd5 27. Qxg5
dxe4 28. Ne3 Rf6 29. Qh5 Rg6+ 30. Kf1 Ne5 31. Qd1 Rf6+ 32. Kg2 Rg6+ 33. Kf2 Nd3+
34. Ke2 d5 35. Qa4 b5 36. Qa5 h6 37. Qd8+ Kh7 38. Nf5 Nf4+ 39. Ke1 e3 40. Nxe3
d4 1/2-1/2

[Event "49th Capablanca Mem Open I 2014"]
[Site "Havana CUB"]
[Date "2014.05.08"]
[Round "1.7"]
[White "Gonzalez Acosta, Bernal"]
[Black "Olivares Canelles, Francisco"]
[Result "1-0"]
[WhiteTitle "IM"]
[BlackTitle "FM"]
[WhiteElo "2482"]
[BlackElo "2305"]
[WhiteFideId "6500170"]
[BlackFideId "3504590"]
[EventDate "2014.04.08"]

1. d4 Nf6 2. c4 e6 3. g3 c5 4. d5 exd5 5. cxd5 d6 6. Nc3 g6 7. Nf3 Bg7 8. Bg2
O-O 9. O-O Re8 10. Bf4 a6 11. a4 Nh5 12. Bg5 Qc7 13. Rc1 Nd7 14. b4 b6 15. Re1
Ne5 16. a5 b5 17. bxc5 Nc4 18. cxd6 Qc5 19. Nd4 Bd7 20. Nc6 Qa3 21. Ne4 f5 22.
Nd2 Nb2 23. Qb3 Qxd6 24. e4 Na4 25. e5 Qf8 26. Be7 Rxe7 27. Nxe7+ 1-0

[Event "49th Capablanca Mem Open I 2014"]
[Site "Havana CUB"]
[Date "2014.05.08"]
[Round "1.8"]
[White "Yanes Canizares, Alejandro"]
[Black "Zaragatski, Ilja"]
[Result "0-1"]
[WhiteTitle "FM"]
[BlackTitle "GM"]
[WhiteElo "2305"]
[BlackElo "2480"]
[WhiteFideId "3506134"]
[BlackFideId "4655192"]
[EventDate "2014.04.08"]

1. e4 d6 2. d4 Nf6 3. Nc3 e5 4. Nf3 Nbd7 5. Bc4 Be7 6. O-O Nb6 7. Be2 exd4 8.
Nxd4 O-O 9. a4 a5 10. Bf4 Re8 11. Qd3 Nfd7 12. Rfd1 Nc5 13. Qd2 Bf6 14. f3 Bd7
15. b3 Qe7 16. Ndb5 Bxb5 17. Bxb5 Red8 18. Re1 Be5 19. Rad1 c6 20. Bf1 Qh4 21.
Ne2 Ne6 22. Bxe5 dxe5 23. Qc3 Nd7 24. Rd6 Qe7 25. Rd2 Qc5+ 26. Qxc5 Ndxc5 27.
Red1 Rxd2 28. Rxd2 Kf8 29. Nc1 Ke7 30. Nd3 Rd8 31. Kf2 Nxd3+ 32. Bxd3 Kd6 33.
Bc4+ Kc5 34. Ke3 Rxd2 35. Kxd2 Nd8 36. c3 f6 37. Bg8 h6 38. Kd3 b6 39. Ke3 Nb7
40. h4 b5 41. axb5 cxb5 42. Kd3 b4 43. Bd5 Nd6 44. c4 Nc8 45. Bf7 Nb6 46. Be8
Na8 47. Bf7 Nc7 48. Bd5 Kb6 49. h5 Na6 50. Bf7 Nc5+ 51. Kc2 a4 52. bxa4 Nxa4 53.
Kb3 Ka5 54. c5 Nxc5+ 55. Kc4 Na4 56. Bg8 Nb2+ 57. Kc5 Nd3+ 58. Kd6 Ne1 59. Ke7
Nxg2 60. Kf8 Nf4 61. Kxg7 Nxh5+ 62. Kxh6 Nf4 63. Kg7 Kb5 64. Kxf6 Nd3 65. Bb3
Kc5 66. Kf5 Kd4 67. Bc2 Kc3 68. Bb1 b3 69. f4 exf4 70. Kg4 Ne5+ 71. Kxf4 Kb2 0-1

[Event "49th Capablanca Mem Open I 2014"]
[Site "Havana CUB"]
[Date "2014.05.08"]
[Round "1.10"]
[White "Larrua Gonzalez, Fernando Oscar"]
[Black "Trent, Lawrence"]
[Result "1/2-1/2"]
[WhiteTitle "FM"]
[BlackTitle "IM"]
[WhiteElo "2298"]
[BlackElo "2468"]
[WhiteFideId "3510662"]
[BlackFideId "408638"]
[EventDate "2014.04.08"]

1. e4 e5 2. Nf3 Nc6 3. Bc4 Nf6 4. d3 Be7 5. O-O O-O 6. Re1 d6 7. a4 h6 8. Nc3
Be6 9. Nd5 Bxd5 10. exd5 Nb4 11. d4 e4 12. Nd2 c6 13. dxc6 Nxc6 14. d5 Ne5 15.
Bb3 Qd7 16. a5 b5 17. Nxe4 Nxe4 18. Rxe4 f5 19. Re1 f4 20. Bd2 Rf5 21. Bc3 Bf6
22. f3 a6 23. Qd2 1/2-1/2

[Event "49th Capablanca Mem Open I 2014"]
[Site "Havana CUB"]
[Date "2014.05.08"]
[Round "1.11"]
[White "Abreu Delgado, Aryam"]
[Black "Martin Gonzalez, Orlando Jose"]
[Result "1/2-1/2"]
[WhiteTitle "GM"]
[WhiteElo "2464"]
[BlackElo "2298"]
[WhiteFideId "3502589"]
[BlackFideId "3501370"]
[EventDate "2014.04.08"]

1. e4 e6 2. d4 d5 3. Nc3 Nf6 4. e5 Nfd7 5. f4 c5 6. Nf3 Nc6 7. Be3 cxd4 8. Nxd4
Qb6 9. a3 Bc5 10. Na4 Qa5+ 11. c3 Bxd4 12. Bxd4 Nxd4 13. Qxd4 b6 14. Be2 Ba6 15.
Bd1 Rc8 16. b4 Qb5 17. Nb2 Qc6 18. Rc1 O-O 19. Bf3 Qc7 20. Kd2 f6 21. Rhe1 fxe5
22. fxe5 Qd8 23. h4 Qe7 24. Kc2 Bc4 25. Kb1 a5 26. Re3 axb4 27. axb4 Qf7 28. Qg4
b5 29. Bd1 Ra8 30. Nxc4 bxc4 31. Bc2 Ra6 32. Rf3 Nxe5 33. Bxh7+ Kxh7 34. Rxf7
Nxf7 35. Qh5+ Kg8 36. Rf1 Ra7 37. Rf2 e5 38. b5 Rb8 39. Rb2 Rab7 40. Qf5 Rxb5
41. Rxb5 Rxb5+ 42. Kc2 Rb6 43. Qc8+ Kh7 1/2-1/2

[Event "49th Capablanca Mem Open I 2014"]
[Site "Havana CUB"]
[Date "2014.05.08"]
[Round "1.12"]
[White "Fuentes Dominguez, Felix"]
[Black "Martinez Duany, Lelys Stanley"]
[Result "1/2-1/2"]
[WhiteTitle "FM"]
[BlackTitle "GM"]
[WhiteElo "2297"]
[BlackElo "2464"]
[WhiteFideId "3504158"]
[BlackFideId "3504727"]
[EventDate "2014.04.08"]

1. e4 c5 2. Nf3 Nc6 3. d4 cxd4 4. Nxd4 g6 5. Nc3 Bg7 6. Be3 Nf6 7. Bc4 O-O 8.
Bb3 d6 9. h3 Bd7 10. O-O a5 11. a4 Nxd4 12. Bxd4 Bc6 13. Re1 e5 14. Be3 Nxe4 15.
Nxe4 Bxe4 16. Qd2 Bf5 17. Rad1 Ra6 18. Bd5 Qc7 19. c3 Be6 20. Qe2 Rb8 21. Qb5
Bd7 22. Qb3 Kh8 23. Bc4 Raa8 24. Bxf7 b5 25. axb5 Rxb5 26. Qa2 Rab8 27. Bc1 Bc6
28. Bc4 R5b7 29. Bd5 Rb5 30. Bxc6 Qxc6 31. Qe6 R5b6 32. Rd3 Re8 33. Qd5 Qxd5 34.
Rxd5 Ra8 35. Re4 a4 36. Rb4 Rxb4 37. cxb4 Rc8 38. Be3 e4 39. Rxd6 Bxb2 40. Ra6
a3 41. b5 Rc4 42. b6 Rb4 43. g4 Kg7 44. Kg2 Kf7 45. Bc5 Rb3 46. b7 Rxb7 47. Bxa3
Bd4 48. Ra4 Rd7 49. Bc1 Ke6 50. Bf4 Kd5 51. Ra5+ Kc4 52. Ra8 Kd3 53. Ra3+ Ke2
54. Be3 1/2-1/2

[Event "49th Capablanca Mem Open I 2014"]
[Site "Havana CUB"]
[Date "2014.05.08"]
[Round "1.13"]
[White "Jimenez Fraga, Pedro Alejandro"]
[Black "Hernandez Fernandez, Ramon A."]
[Result "1-0"]
[WhiteTitle "IM"]
[BlackTitle "FM"]
[WhiteElo "2463"]
[BlackElo "2293"]
[WhiteFideId "3508188"]
[BlackFideId "3503909"]
[EventDate "2014.04.08"]

1. e4 c6 2. Nc3 d5 3. Qf3 d4 4. Nce2 c5 5. d3 Nc6 6. Ng3 Nf6 7. Qd1 g6 8. Be2
Bg7 9. f4 O-O 10. Nf3 b5 11. O-O a5 12. Bd2 a4 13. h3 Ba6 14. b3 Qc7 15. Qe1 Nd7
16. e5 f5 17. Ng5 Qc8 18. Bf3 h6 19. Bd5+ Kh8 20. Ne6 Rg8 21. Nxg7 Rxg7 22. bxa4
Nb6 23. axb5 Nxd5 24. bxa6 Rxa6 25. Ne2 e6 26. Qh4 Kh7 27. Rfb1 Rga7 28. Rb2 c4
29. dxc4 Nb6 30. Rb5 Nxc4 31. Be1 Ne3 32. Rc1 Rxa2 33. Bf2 Qa6 34. Rc5 Qb6 35.
Rxc6 Qxc6 36. Qg3 Rxc2 37. Bxe3 dxe3 38. Rxc2 Ra1+ 39. Kh2 Qxc2 40. Qxe3 Ra2 41.
Qb6 Qc8 42. Nd4 Ra6 43. Qb4 Qd7 44. Qf8 Ra7 45. Nf3 Qe7 46. Qc8 Ra4 47. Qc1 Qd7
48. Kg3 Kg7 49. h4 Kf7 50. Qc5 Qb7 51. Qd6 Qc8 52. Qd1 Ra5 53. Qd4 Ra3 54. Qb4
Qf8 55. Qd2 Qe7 56. Qc1 Rd3 57. Qb1 Rc3 58. Qa1 Qc7 59. Kh2 Rc4 60. Kg3 Rc2 61.
Qa8 Kg7 62. Qe8 Qf7 63. Qd8 Rc3 64. Kh2 Kh7 65. Kg3 Rc7 66. Qb8 Qe7 67. Qb2 Rc4
68. Qd2 Qc7 69. Qa2 Kg7 70. Qa6 Rc6 71. Qa2 Qe7 72. Qd2 Ra6 73. Qc1 Ra3 74. Qd2
g5 75. hxg5 hxg5 76. fxg5 Kg6 77. Qc1 Rb3 78. Kh2 Qh7+ 79. Kg3 Qe7 80. Kh2 Rb4
81. Qc8 Qh7+ 82. Kg1 Qa7+ 83. Kh2 Qh7+ 84. Kg1 Qf7 85. Qd8 Rb1+ 86. Kh2 Kg7 87.
Qf6+ Kg8 88. g6 Qe8 89. Ng5 Rb7 90. Nxe6 Re7 91. Ng5 Qa4 92. Ne6 Qe8 93. Nd4
Rxe5 94. Nxf5 Rxf5 95. Qxf5 Qb8+ 96. Kh3 Qb3+ 97. g3 Kg7 98. Qf7+ Qxf7 99. gxf7
Kxf7 100. Kh4 Kg6 101. Kg4 Kh6 102. Kf5 Kh5 103. g4+ Kh6 104. Kf6 Kh7 105. g5
Kg8 1-0

[Event "49th Capablanca Mem Open I 2014"]
[Site "Havana CUB"]
[Date "2014.05.08"]
[Round "1.14"]
[White "Fernandez Guillen, Ernesto J."]
[Black "Espinosa Veloz, Ermes"]
[Result "1-0"]
[WhiteTitle "FM"]
[BlackTitle "FM"]
[WhiteElo "2292"]
[BlackElo "2458"]
[WhiteFideId "3512428"]
[BlackFideId "3507424"]
[EventDate "2014.04.08"]

1. Nf3 Nf6 2. g3 g6 3. b3 Bg7 4. Bb2 O-O 5. Bg2 d6 6. d4 e5 7. dxe5 Nfd7 8. O-O
dxe5 9. e4 Nc6 10. Nc3 Nd4 11. Re1 Nxf3+ 12. Qxf3 c6 13. Rad1 Qf6 14. Qe3 Re8
15. Rd2 Bf8 16. Red1 Bc5 17. Qe2 Qe7 18. Kh1 Nf6 19. Na4 Bb4 20. c3 Ba5 21. b4
Bc7 22. a3 a5 23. b5 Be6 24. b6 Bb3 25. bxc7 Bxa4 26. Rf1 Qxc7 27. f4 exf4 28.
Rxf4 Nh5 29. Rf1 Rad8 30. c4 c5 31. Qe3 Bc6 32. Qc3 f6 33. Rxd8 Qxd8 34. g4 Ng7
35. Rxf6 Qd7 36. Rd6 Qf7 37. Rd1 Qc7 38. g5 Qf7 39. Kg1 Qc7 40. Bh3 Re7 41. Bg2
Re8 42. Rd2 Qf7 43. Rf2 Qc7 44. Qf6 Qe7 45. Bc3 a4 46. Bb2 Bd7 47. Qc3 Bc6 48.
Rf6 Rd8 49. Rf1 Re8 50. Qf6 Bd7 51. h4 Be6 52. Qc3 Qd7 53. Rf6 Qd1+ 54. Rf1 Qd7
55. Bf3 Qc7 56. Bd1 Rd8 57. Bxa4 1-0

[Event "49th Capablanca Mem Open I 2014"]
[Site "Havana CUB"]
[Date "2014.05.08"]
[Round "1.15"]
[White "Ortega Amarelle, Mariano"]
[Black "Estrada Nieto, Julian"]
[Result "1-0"]
[WhiteTitle "IM"]
[BlackTitle "IM"]
[WhiteElo "2457"]
[BlackElo "2288"]
[WhiteFideId "3504301"]
[BlackFideId "5101018"]
[EventDate "2014.04.08"]

1. c4 e5 2. Nc3 Nf6 3. Nf3 Nc6 4. g3 d5 5. cxd5 Nxd5 6. Bg2 Nb6 7. O-O Be7 8. a3
O-O 9. b4 Be6 10. d3 a5 11. b5 Nd4 12. Nd2 Qc8 13. e3 Nf5 14. Nf3 f6 15. e4 Nd6
16. Be3 Rd8 17. Qc2 a4 18. Nd2 Nf7 19. Rfd1 Bf8 20. Bf1 Nd6 21. Be2 Qd7 22. Rab1
Ndc8 23. Nc4 Qf7 24. Ra1 Re8 25. Nb1 Nxc4 26. dxc4 Nb6 27. Nd2 Nd7 28. c5 b6 29.
c6 Nc5 30. Bxc5 Bxc5 31. Bc4 Rec8 32. Bxe6 Qxe6 33. Nc4 Bd4 34. Rab1 Qe7 35. Kg2
Qc5 36. f3 h5 37. Rd3 g6 38. Rd2 Kg7 39. Rb4 Rf8 40. Nb2 Qxc2 41. Rxc2 Bxb2 42.
Rbxb2 Rfd8 43. Rd2 Kf7 44. f4 Ke6 45. Kf3 Rd6 46. Ke3 exf4+ 47. gxf4 g5 48. f5+
Ke7 49. Rxd6 Kxd6 50. Rd2+ Kc5 51. Rd7 Kxb5 52. Rxc7 Rf8 53. e5 fxe5 54. Ke4 Kc5
55. Kxe5 Re8+ 56. Kf6 g4 57. Kg5 b5 58. f6 Kd6 59. Rg7 Kxc6 60. f7 Rf8 61. Kf6
Rd8 62. Rg8 Rd1 63. f8=Q Rf1+ 64. Kg5 Rxf8 65. Rxf8 b4 66. axb4 Kb5 67. Kxh5 a3
68. Ra8 Kxb4 69. Kxg4 1-0

[Event "49th Capablanca Mem Open I 2014"]
[Site "Havana CUB"]
[Date "2014.05.08"]
[Round "1.16"]
[White "Vitier Vazquez, Cristian"]
[Black "Corrales Jimenez, Zenia"]
[Result "1-0"]
[WhiteTitle "FM"]
[BlackTitle "WIM"]
[WhiteElo "2288"]
[BlackElo "2178"]
[WhiteFideId "3513157"]
[BlackFideId "3506355"]
[EventDate "2014.04.08"]

1. Nf3 g6 2. c4 c5 3. e3 Bg7 4. Nc3 d6 5. h3 Nc6 6. d4 cxd4 7. exd4 Nf6 8. d5
Nb8 9. Bd3 O-O 10. O-O Na6 11. Re1 Nc7 12. Bg5 Bd7 13. Qd2 Rb8 14. Ne4 b5 15.
Nxf6+ exf6 16. Bf4 bxc4 17. Bxc4 Bb5 18. Bb3 Na6 19. Nd4 Nc5 20. Nc6 Bxc6 21.
dxc6 Nxb3 22. axb3 Rb6 23. Rec1 a6 24. c7 Qd7 25. Qd4 Rxb3 26. Qc4 1-0

[Event "49th Capablanca Mem Open I 2014"]
[Site "Havana CUB"]
[Date "2014.05.08"]
[Round "1.17"]
[White "Vera Gonzalez-Quevedo, Reynaldo"]
[Black "Enrique Hernandez, Eddy Ernesto"]
[Result "1/2-1/2"]
[WhiteTitle "GM"]
[WhiteElo "2454"]
[BlackElo "2287"]
[WhiteFideId "3500055"]
[BlackFideId "3508765"]
[EventDate "2014.04.08"]

1. d4 f5 2. Nc3 d5 3. Bg5 Nf6 4. Bxf6 exf6 5. e3 c6 6. Bd3 Bd6 7. Qf3 g6 8. h3
Qe7 9. Nge2 Be6 10. g4 fxg4 11. hxg4 Rf8 12. Nf4 Bxf4 13. Qxf4 f5 14. Qh2 Rf7
15. gxf5 Bxf5 16. Bxf5 gxf5 17. O-O-O Nd7 18. Qf4 O-O-O 19. Rh5 Rdf8 20. Rdh1
Nb6 21. b3 Qa3+ 22. Kd2 Qe7 23. Qh4 Nd7 24. Qxe7 Rxe7 25. Rxh7 Rxh7 26. Rxh7 f4
27. Rh3 fxe3+ 28. fxe3 Rf2+ 29. Kd3 Nf6 30. Rh8+ Kd7 31. a4 Rg2 32. Rb8 Ng4 33.
Rxb7+ Kc8 34. Rf7 Nf2+ 35. Rxf2 Rxf2 36. b4 Rh2 37. Ne2 Kc7 38. Nc1 Kd6 39. Nb3
Rh3 40. Nd2 Rh1 41. Nb3 Rh3 42. Nc5 Rg3 43. Nb7+ Kc7 44. Nc5 Rg1 45. Nb3 Rg3 1/2-1/2

[Event "49th Capablanca Mem Open I 2014"]
[Site "Havana CUB"]
[Date "2014.05.08"]
[Round "1.18"]
[White "Vega Chirino, Lemay"]
[Black "Pozo Vera, Sandro"]
[Result "1/2-1/2"]
[WhiteTitle "FM"]
[BlackTitle "GM"]
[WhiteElo "2282"]
[BlackElo "2452"]
[WhiteFideId "3502252"]
[BlackFideId "3507203"]
[EventDate "2014.04.08"]

1. Nf3 d5 2. d4 Nf6 3. Bf4 c5 4. e3 Nc6 5. c3 Qb6 6. Qb3 c4 7. Qc2 Bf5 8. Qc1 e6
9. h3 Be7 10. Be2 O-O 11. O-O Qa5 12. Nbd2 b5 13. a3 Qb6 14. Bd1 Ne4 15. Bc2
Nxd2 16. Nxd2 Bxc2 17. Qxc2 f5 18. b3 cxb3 19. Qxb3 Na5 20. Qb2 Qc6 21. Rfb1 a6 1/2-1/2

[Event "49th Capablanca Mem Open I 2014"]
[Site "Havana CUB"]
[Date "2014.05.08"]
[Round "1.19"]
[White "Fernandez Cardoso, Alexey"]
[Black "Larduet Despaigne, Carlos"]
[Result "1-0"]
[WhiteTitle "IM"]
[BlackTitle "FM"]
[WhiteElo "2450"]
[BlackElo "2281"]
[WhiteFideId "3504379"]
[BlackFideId "3500780"]
[EventDate "2014.04.08"]

1. e4 c6 2. d4 d5 3. e5 Bf5 4. Nf3 e6 5. Be2 Nd7 6. O-O Ne7 7. Nbd2 h6 8. Nb3 g5
9. a4 Bg7 10. Ne1 Qc7 11. f4 O-O-O 12. a5 f6 13. Nd3 Ng6 14. Bg4 Bxd3 15. Qxd3
f5 16. Bh5 Nxf4 17. Bxf4 gxf4 18. c4 f3 19. Bxf3 Bxe5 20. dxe5 Nxe5 21. Qe3 dxc4
22. Nd4 Rhe8 23. a6 b5 24. Rfd1 Nxf3+ 25. Nxf3 e5 26. Rxd8+ Kxd8 27. Rd1+ Kc8
28. Qxh6 Qb6+ 29. Kh1 Qc5 30. Qg6 Rf8 31. Qe6+ Kc7 32. Nxe5 1-0

[Event "49th Capablanca Mem Open I 2014"]
[Site "Havana CUB"]
[Date "2014.05.08"]
[Round "1.20"]
[White "Ochoa de la Rosa, Manuel Dario"]
[Black "Delgado Ramos, Hector"]
[Result "1/2-1/2"]
[BlackTitle "IM"]
[WhiteElo "2275"]
[BlackElo "2447"]
[WhiteFideId "3509540"]
[BlackFideId "3504824"]
[EventDate "2014.04.08"]

1. d4 d5 2. c4 c6 3. Nf3 Nf6 4. Nbd2 Bf5 5. e3 e6 6. Be2 Nbd7 7. O-O h6 8. b3
Be7 9. Bb2 O-O 10. h3 Bh7 11. a3 a5 12. Rc1 Qb8 13. Re1 Re8 14. Bf1 Bf8 15. Qe2
Qa7 16. g3 Rad8 17. Bg2 Ne4 18. Nxe4 Bxe4 19. Nd2 Bxg2 20. Kxg2 Qb6 21. Qd3 dxc4
22. Nxc4 Qb5 23. Qc2 1/2-1/2

[Event "49th Capablanca Mem Open I 2014"]
[Site "Havana CUB"]
[Date "2014.05.08"]
[Round "1.21"]
[White "Georgiadis, Nico"]
[Black "Barros Rivadeneira, Cristhian"]
[Result "0-1"]
[WhiteTitle "IM"]
[BlackTitle "IM"]
[WhiteElo "2446"]
[BlackElo "2273"]
[WhiteFideId "1300113"]
[BlackFideId "3609677"]
[EventDate "2014.04.08"]

1. e4 c5 2. Nf3 Nc6 3. d4 cxd4 4. Nxd4 g6 5. Nc3 Bg7 6. Be3 d6 7. Qd2 Nf6 8. f3
O-O 9. O-O-O Nxd4 10. Bxd4 Be6 11. Kb1 Qc7 12. g4 Rfc8 13. h4 Qa5 14. a3 h5 15.
Bxf6 Bxf6 16. Nd5 Qxd2 17. Nxf6+ exf6 18. Rxd2 hxg4 19. fxg4 Bxg4 20. Rxd6 Bf3
21. Rh2 Rd8 22. Rhd2 Rxd6 23. Rxd6 Kg7 24. Bd3 Re8 25. Rd7 Bxe4 26. Bxe4 Rxe4
27. Rxb7 g5 28. hxg5 fxg5 29. Kc1 g4 30. Rb5 Kg6 31. Rb8 f5 32. Kd2 f4 33. Rg8+
Kh5 34. Kd3 Re7 35. c4 f3 36. Rf8 Kh4 37. c5 Kg3 0-1

[Event "49th Capablanca Mem Open I 2014"]
[Site "Havana CUB"]
[Date "2014.05.08"]
[Round "1.22"]
[White "Duran Vega, Sergio"]
[Black "Quesada Vera, Liordis"]
[Result "0-1"]
[WhiteTitle "FM"]
[BlackTitle "FM"]
[WhiteElo "2252"]
[BlackElo "2440"]
[WhiteFideId "6501311"]
[BlackFideId "3507009"]
[EventDate "2014.04.08"]

1. d4 d5 2. c4 e6 3. Nc3 Be7 4. cxd5 exd5 5. Bf4 c6 6. Qc2 Bd6 7. Bxd6 Qxd6 8.
g3 Ne7 9. Bg2 Na6 10. Qd2 Bf5 11. a3 Nc7 12. e3 h5 13. f3 Ne6 14. Nge2 g5 15. e4
Bg6 16. e5 Qc7 17. Rc1 Qa5 18. O-O Qa6 19. Rfd1 Nf5 20. Bf1 Qb6 21. b4 g4 22.
fxg4 hxg4 23. Na4 Qa6 24. Nec3 Nexd4 25. Qf2 Nf3+ 26. Qxf3 gxf3 27. Bxa6 bxa6
28. Rd2 Ne3 29. Rf2 Ng4 30. Rxf3 Rh5 31. Ne2 Rxh2 32. Nd4 Be4 33. Rxc6 Rd2 34.
e6 Rxd4 0-1

[Event "49th Capablanca Mem Open I 2014"]
[Site "Havana CUB"]
[Date "2014.05.08"]
[Round "1.23"]
[White "Miranda Mesa, Elier"]
[Black "Diaz Perez, Michel Alejandro"]
[Result "1-0"]
[WhiteTitle "FM"]
[BlackTitle "FM"]
[WhiteElo "2439"]
[BlackElo "2250"]
[WhiteFideId "3510697"]
[BlackFideId "3517179"]
[EventDate "2014.04.08"]

1. e4 c5 2. Nf3 d6 3. d4 cxd4 4. Nxd4 Nf6 5. Nc3 a6 6. Be3 e5 7. Nb3 Be7 8. h3
Be6 9. f4 Qc7 10. f5 Bc4 11. Bxc4 Qxc4 12. Qf3 b5 13. O-O-O Nbd7 14. Kb1 Rc8 15.
Nd2 Qc6 16. Rc1 Qb7 17. Bg5 b4 18. Ne2 d5 19. Bxf6 Nxf6 20. g4 Nxe4 21. Nxe4
dxe4 22. Qg2 Bg5 23. Rcd1 Qc6 24. Ng3 e3 25. Ne4 O-O 26. h4 Bf4 27. g5 Kh8 28.
Rd3 Qa8 29. Rhd1 Rc4 30. Rd5 Qc8 31. Nd6 Qc6 32. Nxc4 Qxc4 33. Rd8 Qc5 34. Qa8 1-0

[Event "49th Capablanca Mem Open I 2014"]
[Site "Havana CUB"]
[Date "2014.05.08"]
[Round "1.24"]
[White "Gomez Sanchez, Jorge Marcos"]
[Black "Garcia Pantoja, Roberto"]
[Result "1/2-1/2"]
[BlackTitle "IM"]
[WhiteElo "2248"]
[BlackElo "2438"]
[WhiteFideId "3506649"]
[BlackFideId "3509265"]
[EventDate "2014.04.08"]

1. Nf3 Nf6 2. g3 g6 3. b3 Bg7 4. Bb2 O-O 5. Bg2 c5 6. O-O Nc6 7. c4 d6 8. d4
cxd4 9. Nxd4 Bd7 10. e4 a5 11. Nc3 a4 12. Nxa4 Nxd4 13. Bxd4 Bxa4 14. bxa4 Nd7
15. Bxg7 Kxg7 16. e5 Nxe5 17. Bxb7 Ra7 18. Rb1 Qc7 19. Bd5 e6 20. Bg2 Nxc4 21.
Rb4 d5 22. Qd4+ Kg8 23. Rc1 Rb8 24. Rcb1 Rba8 25. Rc1 Rb8 26. Rcb1 Rxb4 27. Rxb4
Ne5 28. Qb2 Nc6 29. Rb6 Ra8 30. Bf1 Na5 31. Qb4 1/2-1/2